Hornklang, Op. 21 Gedicht von Ludwig August Frankl : für deine singstimme mit Begleitung des Pianoforte und Horn oder Violoncelle : m. Pfte. allein : dem Dichter achtungsvoll gewidmet /

Hlavní autor: Titl, Antonín Emil, 1809-1882
Další autoři: Frankl, Ludwig August, 1810-1894
Jazyk: Němčina
Vydáno: Wien : Bei A.O. Witzendorf, Graben No. 1144, [1850?]
Témata:
Externí odkaz: Zobrazení hudebního incipitu
Fyzický popis: 7 s. ; 34 cm
Hudebniny Hudebniny
Uloženo v:
LEADER 01796ncm a2200385 a 4500
001 000878293
003 CZ BrMZK
005 20130325094425.0
007 qu
008 071207s1850 au sgzag ger d
028 2 0 |a 2973  |b A. O. Witzendorf 
031 |a 01  |b 01  |c 01  |d Andantino  |m pf  |g G-2  |n bBEAD  |o 3/4  |p (8-{'EA})({''CEA})'''4C/({8'FA''D})({FA'''D})4F/  |r A|b  |2 pe 
031 |a 01  |b 01  |c 02  |d Andantino  |m V  |g G-2  |n bBEAD  |o 3/4  |p =3/4--8-'E/''8.C'6A4EF/8.E6A''4.C8C/8.D6D  |r A|b  |t Ich ruh im tiefen Waldesschoos  |2 pe 
040 |a BOA001  |b cze 
048 |a ka01  |a vn01 
072 7 |a 784  |x Vokální hudba  |2 Konspekt  |9 9 
080 |a 78.089.6  |2 MRF 
080 |a (0.068)78  |2 MRF 
100 1 |a Titl, Antonín Emil,  |d 1809-1882  |7 js20020722020  |4 cmp 
245 1 0 |a Hornklang, Op. 21  |h [hudebnina] :  |b Gedicht von Ludwig August Frankl : für deine singstimme mit Begleitung des Pianoforte und Horn oder Violoncelle : m. Pfte. allein : dem Dichter achtungsvoll gewidmet /  |c in Musik gesetzt von A. Emil. Titl 
260 |a Wien :  |b Bei A.O. Witzendorf, Graben No. 1144,  |c [1850?] 
300 |a 7 s. ;  |c 34 cm 
500 |a Tisk vtlačenou plotnou, č. 2973 
650 0 7 |a písňové cykly (zpěv, klavír)  |7 ph321597  |2 czenas 
655 7 |a partitury  |7 fd185981  |2 czenas 
655 7 |a hudební staré tisky  |7 fd278470  |2 czenas 
700 1 |a Frankl, Ludwig August,  |d 1810-1894  |7 nlk20000085251  |4 lyr 
856 4 1 |u http://audioserver.mzk.cz/incipity/png/000878293_01_01_02.png  |y Zobrazení hudebního incipitu 
910 |a BOA001  |b STMus4-0423.976 
978 |a Witzendorf  |b Adolf Othmar  |c Wien  |f 1850 
984 |a Vídeň  |b Rakousko 
990 |a MU 
993 |a Y 
991 |b 200712 
996 6 |b 2619285415  |c STMus4-0423.976  |l Stud. starých tisků/4.patro  |r Sklad / do násl. otevíracího dne  |n 0  |w 000878293  |u 000010  |a 1  |e BOA001  |j MZK50  |s P